000 00802nam a22002177a 4500
005 20090603115954.0
008 090603t xxu||||| |||| 00| 0 eng d
010 _aENG-93850
020 _a9788131305171
_c695.00
035 _aEN-77383
037 _bDBAD / PUB
040 _adpl
_bEnglish
082 _a363.192
100 _aMahindru, S.N.
245 _aFood safety and pesticidies /
_cby S.N. Mahindru
_b
260 _aNew Delhi
_bAPH Publishing
_c2009
270 _a4435-36/7, Ansari Road, Daryaganj,
_bNew Delhi
_e110002
300 _avi, 325p.
_c22cm(Hb)
942 _2ddc
_cEN
_mMAH
_h363.192
999 _c27176
_d27176